书目信息 |
| 题名: |
大爆炸后的宇宙
|
|
| 作者: | 潘文彬 , 温诗惠 编著 | |
| 分册: | ||
| 出版信息: | 广州 广东科技出版社 2021.5 |
|
| 页数: | 59页 | |
| 开本: | 24cm | |
| 丛书名: | ||
| 单 册: | ||
| 中图分类: | P159.3 | |
| 科图分类: | ||
| 主题词: | ||
| 电子资源: | ||
| ISBN: | 978-7-5359-7647-5 | |
| 000 | 00620nam0 2200217 45 | |
| 001 | 012001001370 | |
| 005 | 20140913154251.0 | |
| 010 | @a978-7-5359-7647-5@dCNY48.00 | |
| 100 | @a20210709d2021 em y0chiy50 ea | |
| 101 | 0 | @achi |
| 102 | @aCN@b440000 | |
| 105 | @aa z 000yy | |
| 106 | @ar | |
| 200 | 1 | @a大爆炸后的宇宙@Ada bao zha hou de yu zhou@b专著@f潘文彬,温诗惠编著 |
| 210 | @a广州@c广东科技出版社@d2021.5 | |
| 215 | @a59页@c图@d24cm | |
| 690 | @aP159.3@v5 | |
| 701 | 0 | @a潘文彬@Apan wen bin@4编著 |
| 701 | 0 | @a温诗惠@Awen shi hui@4编著 |
| 801 | 0 | @aCN@bBJSDL@c20211011 |
| 905 | @b1334151-4@dP159.3@e358@f4 | |
| 大爆炸后的宇宙/潘文彬,温诗惠编著.-广州:广东科技出版社,2021.5 |
| 59页:图;24cm |
| ISBN 978-7-5359-7647-5:CNY48.00 |
| ● |
| 相关链接 |
|
|
|
|
正题名:大爆炸后的宇宙
索取号:P159.3/358
 
预约/预借
| 序号 | 登录号 | 条形码 | 馆藏地/架位号 | 状态 | 备注 |
| 1 | 1334151 | 213341515 | 第二样本阅览室/ [索取号:P159.3/358] | 在馆 | |
| 2 | 1334152 | 213341524 | 第三借阅区/ [索取号:P159.3/358] | 在馆 | |
| 3 | 1334153 | 213341533 | 第三借阅区/ [索取号:P159.3/358] | 在馆 | |
| 4 | 1334154 | 213341542 | 第三借阅区/ [索取号:P159.3/358] | 在馆 |